书目信息 |
| 题名: |
后社会主义
|
|
| 作者: | 苑洁 主编 | |
| 分册: | ||
| 出版信息: | 北京 中央编译出版社 2007 |
|
| 页数: | 381页 | |
| 开本: | 23cm | |
| 丛书名: | 后经典文丛 | |
| 单 册: | ||
| 中图分类: | F113.1-53 | |
| 科图分类: | ||
| 主题词: | 社会主义--文集 , 社会主义 , 经济--世界 , 国际经济关系 | |
| 电子资源: | ||
| ISBN: | 978-7-80211-494-4 | |
| 000 | 01036oam2 2200325 450 | |
| 001 | 1138757044 | |
| 005 | 20111004104705.78 | |
| 010 | @a978-7-80211-494-4@dCNY48.00 | |
| 100 | @a20071017d2007 em y0chiy50 ea | |
| 101 | 0 | @achi |
| 102 | @aCN@b110000 | |
| 105 | @ay z 000yy | |
| 200 | 1 | @a后社会主义@Ahou she hui zhu yi@dPost-socialism@f苑洁主编@zeng |
| 210 | @a北京@c中央编译出版社@d2007 | |
| 215 | @a381页@d23cm | |
| 225 | 2 | @a后经典文丛 |
| 225 | 2 | @a中央编译文库@i学术系列 |
| 330 | @a本书从政治、经济、社会、文化等不同侧面全方位地反映后社会主义国家从社会主义向后社会主义转型的过程,反思社会主义这一社会思潮和历史事实所造成的一系列后续影响和变革。 | |
| 461 | 0 | @12001 @a后经典文丛 |
| 461 | 0 | @12001 @a中央编译文库 |
| 462 | 0 | @12001 @a学术系列 |
| 510 | 1 | @aPost-socialism@zeng |
| 606 | 0 | @a社会主义@j文集 |
| 606 | 0 | @a社会主义 |
| 606 | 0 | @a经济@x世界 |
| 606 | 0 | @a国际经济关系 |
| 690 | @aF113.1-53@v4 | |
| 701 | 0 | @a苑洁@Ayuan jie@4主编 |
| 801 | 0 | @aCN@bNLC@c20101222 |
| 905 | @a10447@dF113.1-53@eJY62 | |
| 后社会主义=Post-socialism/苑洁主编.-北京:中央编译出版社,2007 |
| 381页;23cm.-(后经典文丛).-(中央编译文库.学术系列) |
| ISBN 978-7-80211-494-4:CNY48.00 |
| 本书从政治、经济、社会、文化等不同侧面全方位地反映后社会主义国家从社会主义向后社会主义转型的过程,反思社会主义这一社会思潮和历史事实所造成的一系列后续影响和变革。 |
| ● |
| 相关链接 |
|
|
|
|
正题名:后社会主义
索取号:F113.1-53/JY62
 
预约/预借
| 序号 | 登录号 | 条形码 | 馆藏地/架位号 | 状态 | 备注 |
| 1 | 7813420 | 278134207 | 学院路分馆/ [索取号:F113.1-53/JY62] | 在馆 | |
| 2 | 7813421 | 278134216 | 学院路分馆/ [索取号:F113.1-53/JY62] | 在馆 |